| 000 | 00462pab a2200157 454500 | ||
|---|---|---|---|
| 008 | 180718b2000 xxu||||| |||| 00| 0 eng d | ||
| 100 | _aHerman, Robert D. | ||
| 245 | _aBoard practices of especially effective and less effective local nonprofit organizations | ||
| 260 | _c2000 | ||
| 300 | _ap.146-60 | ||
| 362 | _aJun | ||
| 650 | _aNonprofit organizations | ||
| 700 | _aRenz, David O. | ||
| 773 | _aAmerican Review of Public Administration | ||
| 909 | _a46958 | ||
| 999 |
_c46958 _d46958 |
||